000 00486nam a2200193Ia 4500
005 20250425162656.0
008 250425s9999 xx 000 0 und d
041 _aspa
043 _acl
082 _a597.05
245 0 _aCATALOGO TECNOLOGICO DE LAS PRINCIPALES MATERIAS PRIMAS PESQUERAS CHILE
250 _aS.E
260 _aChile
_bCORPORACION DE FOMENTO DE LA PRODUCCION
_c1983
260 _aCOQUIMBO
300 _a164
650 _aPECES
942 _c01
010 _a95915
999 _c234134
_d234134